000 00557cam a2200145 4500500
005 20260208010149.0
041 _afre
042 _adc
100 1 0 _aTilby, Michael
_eauthor
245 0 0 _aNerval amateur de théâtre : sur les origines des « personnages » d'« El Desdichado »
260 _c2014.
500 _a3
786 0 _nRevue d'histoire littéraire de la France | 114 | 2 | 2014-04-14 | p. 368-386 | 0035-2411
856 4 1 _uhttps://shs.cairn.info/revue-d-histoire-litteraire-de-la-france-2014-2-page-368?lang=fr&redirect-ssocas=7080
999 _c1655364
_d1655364